Arabian medicine: (Record no. 12205)
[ view plain ]
| 000 -LEADER | |
|---|---|
| fixed length control field | 01077cam a22002891 4500 |
| 001 - CONTROL NUMBER | |
| control field | 12205 |
| 003 - CONTROL NUMBER IDENTIFIER | |
| rucl marc code | BD-RjUL |
| 005 - DATE AND TIME OF LATEST TRANSACTION | |
| control field | 20211208235243.0 |
| 008 - FIXED-LENGTH DATA ELEMENTS--GENERAL INFORMATION | |
| fixed length control field | 140128r19621921mau b 001 0 eng d |
| 035 ## - SYSTEM CONTROL NUMBER | |
| System control number | (BD-RjUL)12254 |
| 040 ## - CATALOGING SOURCE | |
| Original cataloging agency | DLC/ICU |
| Transcribing agency | ICU |
| Modifying agency | DLC |
| -- | BD-RjUL |
| Language of cataloging | eng |
| 041 ## - LANGUAGE CODE | |
| Language code of text/sound track or separate title | eng |
| 082 ## - DEWEY DECIMAL CLASSIFICATION NUMBER | |
| Classification number | 610.917671 |
| Author mark and year | BRA 1962 |
| 100 1# - MAIN ENTRY--PERSONAL NAME | |
| Personal name | Browne, Edward Granville, |
| Dates associated with a name | 1862-1926. |
| 9 (RLIN) | 37824 |
| 245 10 - TITLE STATEMENT | |
| Title | Arabian medicine: |
| Remainder of title | the Fitzpatrick lectures delivered at the College of physicians in November 1919 and November 1920 / |
| Statement of responsibility, etc. | Edward G. Browne . |
| 260 ## - PUBLICATION, DISTRIBUTION, ETC. (IMPRINT) | |
| Place of publication, distribution, etc. | Cambridge : |
| Name of publisher, distributor, etc. | The University press, |
| Date of publication, distribution, etc. | 1921 [reprinted 1962] |
| 300 ## - PHYSICAL DESCRIPTION | |
| Pagination | ix, 138 p. : |
| Illustrations | front. ; |
| Size | 22 cm. |
| 500 ## - GENERAL NOTE | |
| General note | "I have sought ... to indicate the part played by the scholars and physicians of Islรกm, and especially of Persia."--Pref. |
| 504 ## - BIBLIOGRAPHY, ETC. NOTE | |
| Bibliography, etc | Bibliographical foot-notes. |
| 650 #0 - SUBJECT ADDED ENTRY--TOPICAL TERM | |
| Topical term or geographic name as entry element | Medicine, Arab. |
| 9 (RLIN) | 37825 |
| Topical term or geographic name as entry element | Medicine, Persian. |
| 9 (RLIN) | 37707 |
| 830 #0 - SERIES ADDED ENTRY--UNIFORM TITLE | |
| Volume number/sequential designation | 1919, 1920. |
| Uniform title | Fitzpatrick lectures ; |
| 942 ## - ADDED ENTRY ELEMENTS (KOHA) | |
| Source of classification or shelving scheme | Dewey Decimal Classification |
| Koha item type | Books |
| Lost status | Source of classification or shelving scheme | Damaged status | Not for loan | Collection code | Permanent Location | Current Location | Shelving location | Date acquired | Source of acquisition | Cost, normal purchase price | Total Checkouts | Full call number | Date last seen | Copy number | Koha item type |
|---|---|---|---|---|---|---|---|---|---|---|---|---|---|---|---|
| Dewey Decimal Classification | Non-fiction | Central Library, University of Rajshahi | Central Library, University of Rajshahi | 14/04/1967 | Zeitlinger | 25.00 | 610.917671 BRA 1962 | 28/01/2014 | C-3 | Books | |||||
| Dewey Decimal Classification | Non-fiction | Central Library, University of Rajshahi | Central Library, University of Rajshahi | 14/09/1964 | Zeitlinger | 21.00 | 610.917671 BRA 1962 | 28/01/2014 | C-2 | Books | |||||
| Dewey Decimal Classification | Non-fiction | Central Library, University of Rajshahi | Central Library, University of Rajshahi | 22/01/1964 | Zeitlinger | 25.00 | 610.917671 BRA 1962 | 24/11/2018 | C-3 | Books |